| 000 | 00440cam a2200181ua 4500 | ||
|---|---|---|---|
| 001 | 5626 | ||
| 005 | 20260515113920.0 | ||
| 008 | 131007n ii |||gr||||Z||||||asm | ||
| 040 | _cMAIN | ||
| 082 | _a954.162 | ||
| 245 | 1 | 1 |
_aAsom Dekhor Buronji _cBy Laxmi Devi |
| 260 |
_aGuwahati: _bLawyers Book Stall, _c1975. |
||
| 300 | _ax,384p. | ||
| 653 | _aHistory | ||
| 653 | _aAsom Dekhor Buronji | ||
| 700 | 1 |
_aDevi,Laxmi, _eAuthor. |
|
| 942 | _cBK | ||
| 999 |
_c4782 _d4782 |
||